<?xml version="1.0" encoding="UTF-8"?>
<record
    xmlns:xsi="http://www.w3.org/2001/XMLSchema-instance"
    xsi:schemaLocation="http://www.loc.gov/MARC21/slim http://www.loc.gov/standards/marcxml/schema/MARC21slim.xsd"
    xmlns="http://www.loc.gov/MARC21/slim">

  <leader>00515nam a22001697a 4500</leader>
  <controlfield tag="003">BD-DhUL</controlfield>
  <controlfield tag="005">20170420085801.0</controlfield>
  <controlfield tag="008">170420b        xxu||||| |||| 00| 0 eng d</controlfield>
  <datafield tag="040" ind1=" " ind2=" ">
    <subfield code="a">BD-DhUL</subfield>
    <subfield code="c">BD-DhUL</subfield>
    <subfield code="d">BD-DhUL</subfield>
  </datafield>
  <datafield tag="082" ind1=" " ind2=" ">
    <subfield code="a">329.0209</subfield>
    <subfield code="b">HOF</subfield>
  </datafield>
  <datafield tag="245" ind1=" " ind2=" ">
    <subfield code="a">The idea of a party system :</subfield>
    <subfield code="b">the rise of legitimate opposition in the united states,1780-1840 /</subfield>
  </datafield>
  <datafield tag="260" ind1=" " ind2=" ">
    <subfield code="a">London :</subfield>
    <subfield code="b">University press :</subfield>
    <subfield code="c">c1969.</subfield>
  </datafield>
  <datafield tag="300" ind1=" " ind2=" ">
    <subfield code="a">280 p. :</subfield>
    <subfield code="c">25 cm.</subfield>
  </datafield>
  <datafield tag="500" ind1=" " ind2=" ">
    <subfield code="a">includes index</subfield>
  </datafield>
  <datafield tag="650" ind1=" " ind2="0">
    <subfield code="a">party system</subfield>
  </datafield>
  <datafield tag="942" ind1=" " ind2=" ">
    <subfield code="2">ddc</subfield>
    <subfield code="c">REF</subfield>
  </datafield>
  <datafield tag="999" ind1=" " ind2=" ">
    <subfield code="c">189198</subfield>
    <subfield code="d">189198</subfield>
  </datafield>
  <datafield tag="952" ind1=" " ind2=" ">
    <subfield code="0">0</subfield>
    <subfield code="1">0</subfield>
    <subfield code="2">ddc</subfield>
    <subfield code="4">0</subfield>
    <subfield code="6">329_020900000000000_HOF</subfield>
    <subfield code="7">1</subfield>
    <subfield code="8">REF</subfield>
    <subfield code="9">325591</subfield>
    <subfield code="a">DUL</subfield>
    <subfield code="b">DUL</subfield>
    <subfield code="c">ASC</subfield>
    <subfield code="d">2017-04-20</subfield>
    <subfield code="e">Gift</subfield>
    <subfield code="o">329.0209 HOF</subfield>
    <subfield code="p">365988</subfield>
    <subfield code="r">2017-04-20</subfield>
    <subfield code="w">2017-04-20</subfield>
    <subfield code="y">REF</subfield>
  </datafield>
</record>
